2025 NHL Draft - All Rounds - Statistics

General Stats
  • This quiz has been taken 27 times
  • The average score is 37 of 224
Answer Stats
Pick Team Position 24-25 Team / League Answer % Correct
1 NYI LD Erie Otters (OHL) Matthew Schaefer
100%
2 SJS C Saginaw Spirit (OHL) Michael Misa
92%
3 CHI C Djurgardens IF (HockeyAllsvenskan) Anton Frondell
83%
5 NSH C Soo Greyhounds (OHL) Brady Martin
75%
92 WPG C Spokane Chiefs (WHL) Owen Martin
75%
11 PIT RW Calgary Hitmen (WHL) Benjamin Kindel
67%
16 NYI LW Djurgardens IF (HockeyAllsvenskan) Victor Eklund
67%
4 UTA C Moncton Wildcats (QMJHL) Caleb Desnoyers
58%
14 CBJ LD Tri-City Americans (WHL) Jackson Smith
58%
7 BOS C Boston College (NCAA) James Hagens
58%
6 PHI RW Brampton Steelheads (OHL) Porter Martone
58%
9 BUF RD Seattle Thunderbirds (WHL) Radim Mrtka
58%
34 MTL RW Tolpar Ufa (MHL) Alexander Zharovsky
50%
10 ANA RW Brandon Wheat Kings (WHL) Roger McQueen
50%
13 DET C Everett Silvertips (WHL) Carter Bear
42%
8 SEA C Brantford Bulldogs (OHL) Jake O'Brien
42%
30 SJS G Prince George Cougars (WHL) Joshua Ravensbergen
42%
17 NYI LD Barrie Colts (OHL) Kashawn Aitcheson
42%
29 CHI C Edina High (USHS-MN) Mason West
42%
24 PIT C U.S. National U18 Team (NTDP) William Horcoff
42%
22 PIT LW Rouyn-Noranda Huskies (QMJHL) Bill Zonnon
33%
15 VAN C Seattle Thunderbirds (WHL) Braeden Cootes
33%
18 CGY C Victoria Royals (WHL) Cole Reschny
33%
19 STL RW Blainville-Boisbriand Armada (QMJHL) Justin Carbonneau
33%
113 MTL RW U.S. National U18 Team (NTDP) L.J. Mooney
33%
152 LAK G Kiekko-Espoo (Liiga) Petteri Rimpinen
33%
26 NSH RW Madison Capitols (USHL) Ryker Lee
33%
223 EDM C Green Bay Gamblers (USHL) Aidan Park
25%
146 DAL C Lukko U20 (U20 SM-sarja) Atte Joki
25%
21 NSH LD Kitchener Rangers (OHL) Cameron Reid
25%
32 CGY C Arizona State University (NCAA) Cullen Potter
25%
33 SJS LD King Rebellion (OJHL) Haoxi (Simon) Wang
25%
69 MTL C Spokane Chiefs (WHL) Hayden Paupanekis
25%
31 LAK RD London Knights (OHL) Henry Brzustewicz
25%
62 CAR C Muskegon Lumberjacks (USHL) Ivan Ryabkin
25%
58 NSH G Brampton Steelheads (OHL) Jack Ivankovic
25%
40 PHI C U.S. National U18 Team (NTDP) Jack Murtagh
25%
23 OTT RD University of Wisconsin (NCAA) Logan Hensler
25%
174 UTA LD EV Zug (NL) Ludvig Johnson
25%
80 CGY LD U.S. National U18 Team (NTDP) Mace'o Phillips
25%
43 NYR LW Erie Otters (OHL) Malcolm Spence
25%
132 PHI LW Frolunda HC J20 (J20 Nationell) Max Westergard
25%
39 PIT RD Swift Current Broncos (WHL) Peyton Kettles
25%
20 CBJ G Krasnaya Armiya Moskva (MHL) Pyotr Andreyanov
25%
25 CHI RW Muskegon Lumberjacks (USHL) Vaclav Nestrasil
25%
47 VAN G London Knights (OHL) Aleksei Medvedev
17%
122 NSH RD Chicoutimi Sagueneens (QMJHL) Alex Huang
17%
145 MTL G Truro Bearcats (MJHL) Alexis Cournoyer
17%
186 VGK C Portland Winterhawks (WHL) Alex Weiermair
17%
180 WSH LD Brynas IF J20 (J20 Nationell) Aron Dahlqvist
17%
82 MTL G Tyumenski Legion (MHL) Arseni Radkov
17%
63 NJD RW Des Moines Buccaneers (USHL) Benjamin Kevan
17%
108 TBL C Tappara (Liiga) Benjamin Rautiainen
17%
36 SEA RD Edmonton Oil Kings (WHL) Blake Fiddler
17%
91 PIT LD Waterloo Black Hawks (USHL) Brady Peddle
17%
181 OTT LW Lincoln Stars (USHL) Bruno Idzan
17%
81 MTL RD Medicine Hat Tigers (WHL) Bryce Pickford
17%
120 LAK RD Lincoln Stars (USHL) Caeden Herrington
17%
193 TBL G Madison Capitols (USHL) Caleb Heil
17%
94 DAL RW Vancouver Giants (WHL) Cameron Schmidt
17%
177 MTL RD Halifax Mooseheads (QMJHL) Carlos Handel
17%
38 PHI RD U.S. National U18 Team (NTDP) Carter Amico
17%
49 CAR C Penn State University (NCAA) Charlie Cerrato
17%
53 SJS C U.S. National U18 Team (NTDP) Cole McKinney
17%
50 NJD C U.S. National U18 Team (NTDP) Conrad Fondrk
17%
42 NYI RW MHK Dynamo St. Petersburg (MHL) Daniil Prokhorov
17%
71 BUF RD Owen Sound Attack (OHL) David Bedkowski
17%
117 EDM LW Saskatoon Blades (WHL) David Lewandowski
17%
161 NJD RW Bili Tygri Liberec U20 (Czechia U20) David Rozsival
17%
104 ANA G HC Fribourg-Gotteron U20 (Swiss U21-Elit) Elijah Neuenschwander
17%
159 ANA LW Chicoutimi Sagueneens (QMJHL) Emile Guite
17%
45 ANA C Djurgardens IF J20 (J20 Nationell) Eric Nilson
17%
77 COL LD University of Massachusetts (NCAA) Francesco Dell'Elce
17%
84 PIT G Victoriaville Tigres (QMJHL) Gabriel D'Aigle
17%
153 TOR C Owen Sound Attack (OHL) Harry Nansi
17%
142 UTA G Tolpar Ufa (MHL) Ivan Tkach-Tkachenko
17%
12 PHI C Windsor Spitfires (OHL) Jack Nesbitt
17%
155 WSH C Sioux City Musketeers (USHL) Jackson Crowder
17%
35 NSH LD Lincoln Stars (USHL) Jacob Rombach
17%
55 VGK RW Lulea HF J20 (J20 Nationell) Jakob Ihs-Wozniak
17%
198 CBJ C Sherwood Park Crusaders (BCHL) Jeremy Loranger
17%
60 ANA LD Assat U20 (U20 SM-sarja) Lasse Boelius
17%
179 STL G Skelleftea AIK J20 (J20 Nationell) Love Harenstam
17%
97 OTT G Baie-Comeau Drakkar (QMJHL) Lucas Beckman
17%
27 WSH LW Moose Jaw Warriors (WHL) Lynden Lakovic
17%
112 FLA LW Frolunda HC J20 (J20 Nationell) Mads Kongsbak Klyvo
17%
158 DAL G Farjestad BK J20 (J20 Nationell) Mans Goos
17%
90 NJD C Madison Capitols (USHL) Mason Moe
17%
85 VGK C Blainville-BoisBriand Armada (QMJHL) Mateo Nobert
17%
57 PHI C Red Deer Rebels (WHL) Matthew Gard
17%
96 WSH LW Eisbaren Berlin (DEL) Maxim Schafer
17%
46 UTA RD Portland Winterhawks (WHL) Max Psenicka
17%
37 WSH C Modo Hockey J20 (J20 Nationell) Milton Gastrin
17%
66 CHI LW Kamloops Blazers (WHL) Nathan Behm
17%
72 ANA C London Knights (OHL) Noah Read
17%
214 COL C Tri-City Storm (USHL) Nolan Roed
17%
182 UTA RD Jokerit U18 (U18 SM-sarja) Reko Alanko
17%
130 PIT C Portland Winterhawks (WHL) Ryan Miller
17%
28 WPG LD Boston University Sascha Boumidienne
17%
41 CAR G MHK Spartak Moskva (MHL) Semyon Frolov
17%
48 PHI RW Michigan State University (NCAA) Shane Vansaghi
17%
64 TOR C Leksands IF J20 (J20 Nationell) Tinus Luc Koblar
17%
105 PIT RW Soo Greyhounds (OHL) Travis Hayes
17%
86 TOR C Kingston Frontenacs (OHL) Tyler Hopkins
17%
183 CAR LW Skelleftea AIK J20 (J20 Nationell) Viggo Nordlund
17%
137 TOR RW U.S. National U18 Team (NTDP) William Belle
17%
51 BOS C U.S. National U18 Team (NTDP) William Moore
17%
68 SEA LD Acadie-Bathurst Titan (QMJHL) Will Reynolds
17%
199 BUF G Dinamo-Shinnik Bobruysk Yevgeni Prokhorov
17%
124 SJS LD Western Michigan University (NCAA) Zack Sharp
17%
139 NYR LD Skelleftea AIK J20 (J20 Nationell) Zeb Lindgren
17%
102 MIN C Youngstown Phantoms (USHL) Adam Benak
8%
176 CGY RW St. Andrew's College (U18 AAA) Aidan Lane
8%
127 TBL C Prince George Cougars (WHL) Aiden Foster
8%
136 ANA LD Baie-Comeau Drakkar (QMJHL) Alexis Mathieu
8%
189 MTL RD Kitchener Rangers (OHL) Andrew MacNiel
8%
168 ANA LD Sioux City Musketeers (USHL) Anthony Allain-Samake
8%
89 NYR LD Stalnye Lisy Magnitogorsk (MHL) Artyom Gonchar
8%
131 EDM LD U.S. National U18 Team (NTDP) Asher Barnett
8%
162 CHI LD Seattle Thunderbirds (WHL) Ashton Cumby
8%
167 BUF C Chicago Steel (USHL) Ashton Schultz
8%
93 OTT RW Stillwater High (USHS-MN) Blake Vanek
8%
126 DAL LW Calgary Hitmen (WHL) Brandon Gorzynski
8%
109 DET RW Champlin Park High (USHS-MN) Brent Solomon
8%
170 NYI G Vancouver Giants (WHL) Burke Hood
8%
123 MIN C Brandon Wheat Kings (WHL) Carter Klippenstein
8%
169 PIT C Muskegon Lumberjacks (USHL) Carter Sanderson
8%
73 PIT RD U.S. National U18 Team (NTDP) Charlie Trethewey
8%
133 BOS C Shawinigan Cataractes (QMJHL) Cole Chandler
8%
79 BOS LW Shakopee High (USHS-MN) Cooper Simpson
8%
163 NSH LD Pelicans (Liiga) Daniel Nieminen
8%
149 OTT LW Avto Yekaterinburg (MHL) Dmitri Isayev
8%
101 ANA LD U.S. National U18 Team (NTDP) Drew Schock
8%
44 DET LW Linkoping HC (SHL) Eddie Genborg
8%
188 WPG LD Dubuque Fighting Saints (USHL) Edison Engle
8%
56 TBL C Niagra IceDogs (OHL) Ethan Czata
8%
144 CGY LW Sioux Falls Stampede (USHL) Ethan Wyttenbach
8%
171 NYR RD Barrie Colts (OHL) Evan Passmore
8%
151 TBL RD St. George's School (USHS-Prep) Everett Baldwin
8%
221 CAR LW Ottawa 67's (OHL) Filip Ekberg
8%
175 VAN RW Brampton Steelheads (OHL) Gabe Chiarot
8%
114 NJD C Brynas IF J20 (J20 Nationell) Gustav Hillstrom
8%
115 SJS LD Loko Yaroslavl (MHL) Ilyas Magomedsultanov
8%
184 LAK C Tappara U20 (U20 SM-sarja) Jan Chovan
8%
125 LAK C Flint Firebirds (OHL) Jimmy Lombardi
8%
154 PIT RW Soo Greyhounds (OHL) Jordan Charron
8%
98 CHI C Moncton Wildcats (QMJHL) Julius Sumpf
8%
141 MIN LD Victoria Royals (WHL) Justin Kipkie
8%
201 PIT C Sherwood Park Crusaders (BCHL) Kale Dach
8%
65 VAN C St. Andrew's College (U18 AAA) Kieren Dervin
8%
165 BOS C Loko Yaroslavl (MHL) Kirill Yemelyanov
8%
88 LAK LW Saginaw Spirit (OHL) Kristian Epperson
8%
67 CAR LD MHK Dynamo Moskva (MHL) Kurban Limatov
8%
61 BOS LD Vaxjo Lakers HC J20 (J20 Nationell) Liam Pettersson
8%
118 COL RD Lulea HF J20 (J20 Nationell) Linus Funck
8%
121 MIN RW North Bay Battalion (OHL) Lirim Amidovski
8%
74 NYI C Kitchener Rangers (OHL) Luca Romano
8%
157 PHI RD Red Deer Rebels (WHL) Luke Vlooswyk
8%
76 CBJ LD Farjestad BK J20 (J20 Nationell) Malte Vass
8%
103 BUF C HC Slavia Praha U20 (Czechia U20) Matous Kucharcik
8%
217 TOR LW Kitchener Rangers (OHL) Matthew Hlacar
8%
150 SJS C Penticton Vees (BCHL) Max Heise
8%
134 SEA RD Tolpar Ufa (MHL) Maxim Agafonov
8%
209 MTL LD Cedar Rapids RoughRiders (USHL) Maxon Vig
8%
75 DET G Team Slovakia U18 (Slovakia2) Michal Pradel
8%
119 DET C Brynas IF J20 (J20 Nationell) Michal Svrcek
8%
147 STL RW Stalnye Lisy Magnitogorsk (MHL) Mikhail Fyodorov
8%
111 NYR C Farjestad BK J20 (J20 Nationell) Mikkel Eriksen
8%
164 PHI C Quebec Ramparts (QMJHL) Nathan Quinn
8%
140 DET LD MHK Spartak Moskva (MHL) Nikita Tyurin
8%
135 BUF LD Acadie-Bathurst Titan (QMJHL) Noah Laberge
8%
160 CBJ C Oshawa Generals (OHL) Owen Griffin
8%
107 CHI LW Brantford Bulldogs (OHL) Parker Holmes
8%
148 PIT RD Guelph Storm (OHL) Quinn Beauchesne
8%
87 CAR RD MHK Dynamo St. Petersburg (MHL) Roman Bausov
8%
185 TOR RD Flint Firebirds (OHL) Rylan Fellinger
8%
138 NYI LD Fargo Force (USHL) Sam Laurila
8%
166 NYR RW Karpat U20 (U20 SM-sarja) Samuel Jung
8%
116 BUF G Rouyn-Noranda Huskies (QMJHL) Samuel Meloche
8%
70 NYR RD Dubuque Fighting Saints (USHL) Sean Barnhill
8%
129 FLA RW North Bay Battalion (OHL) Shamar Moses
8%
128 FLA LW Everett Silvertips (WHL) Shea Busch
8%
178 NJD RD Brynas IF J20 (J20 Nationell) Sigge Holmgren
8%
78 UTA LW HC Motor Ceske Budejovice U20 (Czechia U20) Stepan Hoch
8%
95 SJS RW Chicago Steel (USHL) Teddy Mutryn
8%
52 MIN RD Orebro HK J20 (J20 Nationell) Theodor Hallquisth
8%
54 CGY C Djurgardens IF J20 (J20 Nationell) Theo Stockselius
8%
83 EDM C Kamloops Blazers (WHL) Tommy Lafreniere
8%
99 NJD G Kemptville 73's (CCHL) Trenten Bennett
8%
100 BOS LD IF Troja-Ljungby (J20 Region) Vashek Blanar
8%
173 CBJ LD Brynas IF J20 (J20 Nationell) Victor Hedin Raftheim
8%
156 WPG LW Skelleftea AIK J20 (J20 Nationell) Viktor Klingsell
8%
59 LAK LW HC Energie Karlovy Vary (Czechia) Vojtech Cihar
8%
172 DET LD Cape Breton Eagles (QMJHL) Will Murphy
8%
143 VAN LW Djurgardens IF J20 (J20 Nationell) Wilson Bjorck
8%
110 UTA RW Dinamo Minsk (KHL) Yegor Borikov
8%
213 OTT G Stalnye Lisy Magnitogorsk (MHL) Andrei Trofimov
0%
192 FLA RW Djurgardens IF J20 (J20 Nationell) Arvid Drott
0%
200 ANA RW Brandon Wheat Kings (WHL) Brady Turko
0%
197 FLA LD Wenatchee Wild (WHL) Brendan Dunphy
0%
196 LAK LW Waterloo Black Hawks (USHL) Brendan McMorrow
0%
222 DAL RW Guelph Storm (OHL) Charlie Paquette
0%
191 EDM G Lukko U20 (U20 SM-sarja) Daniel Salonen
0%
190 DAL RW Acadie-Bathurst Titan (QMJHL) Dawson Sharkey
0%
203 NYR LD Orebro HK J20 (J20 Nationell) Felix Farhammar
0%
212 TBL LD Guelph Storm (OHL) Grant Spada
0%
204 DET LD Phillips Academy Andover (USHS-Prep) Grayden Robertson-Palmer
0%
187 VGK LD AIK (HockeyAllsvenskan) Gustav Sjoqvist
0%
194 CHI G AKM Tula (MHL) Ilya Kanarsky
0%
220 WPG RW Saginaw Spirit (OHL) Jacob Cloutier
0%
202 NYI RW U.S. National U18 Team (NTDP) Jacob Kvasnicka
0%
208 CGY RD HV71 J20 (J20 Nationell) Jakob Leander
0%
205 SEA RD HV71 J20 (J20 Nationell) Karl Annborn
0%
218 SEA RW Linkoping HC J20 (J20 Nationell) Loke Krantz
0%
215 TBL RW Soo Greyhounds (OHL) Marco Mignosa
0%
207 VAN C Waterloo Winter Hawks (USHL) Matthew Lansing
0%
195 BUF LW Leksands IF J20 (J20 Nationell) Melvin Novotny
0%
210 SJS LW U.S. National U18 Team (NTDP) Richard Gallant
0%
206 TBL C Loko Yaroslavl (MHL) Roman Luttsev
0%
219 BUF C Youngstown Phantoms (USHL) Ryan Rucinski
0%
106 NYI LW Pelicans U20 (U20 SM-sarja) Tomas Potelin
0%
216 LAK LD Lethbridge Hurricanes (WHL) Will Sharpe
0%
211 CGY C Krasnaya Armiya Moskva (MHL) Yan Matveiko
0%
224 FLA G Spartak Moskva U18 (Russia U18) Yegor Midlak
0%
No matching quizzes found
Score Distribution
Percent of People with Each Score
Percentile by Number Answered
Your Score History
You have not taken this quiz